Регионална библиотека "Любен Каравелов" - Русе

Диетата за екологията на тялото (Запис номер 347336)

MARC детайли
000 -Лидер
Контролно поле с фиксирана дължина 01941nam a2200325 a 4500
003 - Код на организацията, давaща контролен номер
Контролно поле BLK
005 - Дата и час на последна редакция
Контролно поле 20250606095659.0
008 - Елементи от данни с фиксирана дължина
fixed length control field 191217b bu |||||r|||| 00| 0 bu d
020 ## - Международен стандартен номер на книга ISBN
Международен стандартен номер на книга ISBN 9789544748388
040 ## - Източник на каталожния запис
Идентификатор на билиотеката - собственик на записа BLK
041 ## - Код за език
Код за езика на текст/звукозапис или на отделно заглавие Български
Код за езика КДБФ Български
080 ## - УДК
Текстов определител УДК Хигиена на храненето. Режим на храненето. Вж и 612.39 ; 614.3 ; 615.874 ; 641
УДК код - определител по УДК 613.2
УДК - код + определител 613.2
080 ## - УДК
Текстов определител УДК Недохранване. Прехранване - Постене, диета, хранителен режим за отслабване, режим за напълняване. Вж и 615.874
УДК код - определител по УДК 613.24/.25
УДК - код + определител 615.874
100 ## - Редна дума - Автор
Автор Гейтс, Дона
Авторска отговорност първи автор
R(LIN) 1299
139 ## - Редно поле
Редна дума Гейтс, Дона
Авторски знак Гед - Г 28
245 ## - Сведения за заглавието
Заглавие Диетата за екологията на тялото
Подзаглавни данни възстановяване на здравето и изграждане на имунитет
Редно поле (дума) Дона Гейтс, Линда Шатц ; прев. от англ. Биляна Дукова
260 ## - Област на издателските данни
9 (RLIN) 209528
Място на издаване, разпространение и проч. София
Име на издателя, разпространителя и проч. Кибеа
Година на издаване 2019
Печатница София : Симолини 94
300 ## - Физическа характеристика
Страници 392 с.
Илюстрации и др. с табл.
Размери/Мащаб 22 см
380 ## - Жанр
Жанр Медицина
500 ## - Общи забележки
Забележка Ориг. загл.: The body ecology diet / Donna Gates. - Силата на вътрешната екология / Димитър Пашкулев: с. 11-12. - Биогр. данни за авт. отбелязани на с. 2. - Библиогр.: с. 383-387
650 #0 - Допълнително описание по предмет – тема
9 (RLIN) 244313
Основно описание – тема или топоним Хранене - хигиена
650 #0 - Допълнително описание по предмет – тема
9 (RLIN) 244312
Основно описание – тема или топоним Лечебно хранене
700 ## - Други автори (авторска отговорност)
Лично име Шатц, Линда
Автороска отговорност (Описва отношението между автора и произведението) съавт.
9 (RLIN) 1445
700 ## - Други автори (авторска отговорност)
9 (RLIN) 345410
Лично име Дукова, Биляна
Автороска отговорност (Описва отношението между автора и произведението) прев. от англ.
700 ## - Други автори (авторска отговорност)
9 (RLIN) 366525
Лично име Пашкулев, Димитър Любенов
Автороска отговорност (Описва отношението между автора и произведението) под науч. ред. на
730 ## - Точка за достъп--Унифицирано заглавие
Унифицирано заглавие The body ecology diet
9 (RLIN) 401486
999 ## - СИСТЕМНИ КОНТРОЛНИ НОМЕРА
Koha biblionumber 347336
Koha biblioitemnumber 347336
942 ## - АРТИКУЛИ
Вид на библиотечния материал Книги
Скрит в OPAC Не
Периодичен библиозапис Да
Koha issues (borrowed), all copies 4
944 ## - СЪЗДАВАНЕ И РЕДАКЦИЯ на ЗАПИСА
Създаване/Редакция Създаване
Дата на регистрацията/редакция 2019-12-17
Служител, извършил регистрацията/редакцията 30576
Статус, дата на статуса Цветомила Тодорова
999 ## - СИСТЕМНИ КОНТРОЛНИ НОМЕРА
Koha biblioitemnumber 347336
Наличности
Код за отписване Код за изгубен артикул Източник на класификационната схема Код за повреда Коз за рестрикции Код за отдаване Артикулен № Име на библиотеката - собственик Име на библиотеката, в която се намира в момента Статус (Текущо местоположение) Дата на вписване в системата Местоположение - отдел Цена в лева Систематично азбучна сигнатура Баркод Цена в евро Служебен тип на артикула
  Не е изгубен Universal Decimal Classification Не е повреден само за читалня ползва се в читалня 754100 Регионална библиотека "Любен Каравелов" Русе Регионална библиотека "Любен Каравелов" Русе Хранилище 2020-01-17 Хранилище 25.00 Цб 297410 120000841295 12.78 Книги
  Не е изгубен Universal Decimal Classification Не е повреден без рестрикции заемане за дома 880347 Регионална библиотека "Любен Каравелов" Русе Регионална библиотека "Любен Каравелов" Русе Заемна - подръчен фонд 2022-04-05 Заемна - подръчен фонд 25.00 613.2/Г 28 Д 120000870432 12.78 Книги
Vip Innovations Ltd, Rousse, Bulgaria 2025